00559 2200205 4500001002100000005001500021035002000036007000300056008004100059020002200100082001100122084001700133100003800150245003300188260004700221300004300268650000900311650001300320990002000333INLIS00000000000294820260507054001 a0010-0526000039ta260507 f 0 ind  a978-623-00-6876-8 a005.55 a005.55 WIB s0 aWibowo, Fransiscus Xaverius Pudjo1 aSPSS 25 Untuk Ekonomi Bisnis aJakarta :bPT Elex Media Komputindo,c2025 ax + 290 hlm. :bilus. ;c15.5 x 23 cm. 4aSPSS 4aAplikasi a20260509.04.007